| 000 -LEADER |
| fixed length control field |
00969nam a22002657a 4500 |
| 005 - DATE AND TIME OF LATEST TRANSACTION |
| control field |
20231031091950.0 |
| 008 - FIXED-LENGTH DATA ELEMENTS--GENERAL INFORMATION |
| fixed length control field |
231031b ||||| |||| 00| 0 eng d |
| 020 ## - INTERNATIONAL STANDARD BOOK NUMBER |
| International Standard Book Number |
9781534405608 |
| 040 ## - CATALOGING SOURCE |
| Transcribing agency |
KH8 |
| 082 ## - DEWEY DECIMAL CLASSIFICATION NUMBER |
| Classification number |
FIC RUS |
| 100 ## - MAIN ENTRY--PERSONAL NAME |
| Personal name |
Russell, Rachel Renée |
| Relator term |
Author |
| 245 ## - TITLE STATEMENT |
| Title |
Tales from a not-so-secret crush catastrophe / |
| Statement of responsibility, etc. |
Rachel Renée Russell |
| 250 ## - EDITION STATEMENT |
| Edition statement |
First Aladdin hardcover edition |
| 260 ## - PUBLICATION, DISTRIBUTION, ETC. |
| Place of publication, distribution, etc. |
New York, |
| Name of publisher, distributor, etc. |
Aladdin, an imprint of Simon & Schuster Children's Publishing Division, |
| Date of publication, distribution, etc. |
2017 |
| 300 ## - PHYSICAL DESCRIPTION |
| Extent |
256 pages : |
| Other physical details |
illustrations ; |
| Dimensions |
22 cm |
| 440 ## - SERIES STATEMENT/ADDED ENTRY--TITLE |
| Title |
Dork diaries, |
| Volume/sequential designation |
12 |
| 520 ## - SUMMARY, ETC. |
| Summary, etc. |
As Nikki plans how she's going to spend her summer, things get more complicated after she starts hanging out with a visiting student |
| 521 ## - TARGET AUDIENCE NOTE |
| Target audience note |
Ages 9-13. |
| 650 ## - SUBJECT ADDED ENTRY--TOPICAL TERM |
| Topical term or geographic name entry element |
Diaries |
| 650 ## - SUBJECT ADDED ENTRY--TOPICAL TERM |
| Topical term or geographic name entry element |
Diaries Fiction |
| 650 ## - SUBJECT ADDED ENTRY--TOPICAL TERM |
| Topical term or geographic name entry element |
Diaries Juvenile fiction |
| 700 ## - ADDED ENTRY--PERSONAL NAME |
| Personal name |
Nikki Russell |
| Relator term |
Illustrator |
| 700 ## - ADDED ENTRY--PERSONAL NAME |
| Personal name |
Erin Russell |
| Relator term |
Author |
| 942 ## - ADDED ENTRY ELEMENTS (KOHA) |
| Source of classification or shelving scheme |
|
| Koha item type |
Books - Fiction |